Language Quiz

Random Language Quiz

Not Quite English Quiz Stats

 Plays Quiz not verified by Sporcle

Challenge
Share
Tweet
Embed
Score 0/12 Timer 10:00
0 Plays Today
% Correct
Old English
78.4%
Scots
65.9%
Middle English
63.7%
Tok Pisin (Papua New Guinea)
49.4%
Jamaican Patois
45.6%
Haitian Creole
40.5%
Singlish (Singapore)
40.5%
Gullah (S. Carolina)
37.3%
Papiamento (Aruba, Curação)
36.7%
Hawaiian Pidgin
32.7%
Kriol (Sierra Leone)
23.6%
Sranantongo (Suriname)
22%

You're not logged in!

Compare scores with friends on all Sporcle quizzes.
Join for Free
OR
Log In

You Might Also Like...

Show Comments

Extras

Top Quizzes Today


Score Distribution

Your Account Isn't Verified!

In order to create a playlist on Sporcle, you need to verify the email address you used during registration. Go to your Sporcle Settings to finish the process.

Report this User

Report this user for behavior that violates our Community Guidelines.

Details: